[Event "North American op 19th"]
[Site "Las Vegas"]
[Date "2009.12.27"]
[Round "2"]
[White "Krishnan, Varun"]
[Black "Lein, Anatoly"]
[Result "1/2-1/2"]
[WhiteElo "2042"]
[BlackElo "2301"]
[PlyCount "146"]
[EventDate "2009.12.26"]
[EventType "swiss"]
[EventRounds "7"]
[EventCountry "USA"]
[SourceTitle "CBM 134 Extra"]
[Source "ChessBase"]
[SourceDate "2010.03.03"]
[SourceVersion "1"]
[SourceVersionDate "2010.03.03"]
[SourceQuality "1"]

1. e4 Nf6 2. e5 Nd5 3. d4 d6 4. c4 Nb6 5. exd6 exd6 6. Nc3 Be7 7. Nf3 0-0 8. Bd3 Be6 9. b3 d5 10. c5 N6d7 11. h3 Bf6 12. Qc2 h6 13. a3 a5 14. 0-0 b6 15. cxb6 Nxb6 16. Ne2 c6 17. Nf4 Re8 18. Nh5 N6d7 19. Re1 Qb6 20. Bh7+ Kh8 21. Bf5 Na6 22. Bxe6 Rxe6 23. Rxe6 fxe6 24. Nxf6 Nxf6 25. Qg6 Rf8 26. Bf4 c5 27. dxc5 Nxc5 28. Be3 Qd6 29. b4 Nb3 30. Rb1 a4 31. Nd4 Nxd4 32. Bxd4 Qf4 33. Bc5 Re8 34. b5 Qe4 35. Qxe4 Nxe4 36. Ba7 Nc3 37. Rb2 Re7 38. Bd4 Ne4 39. f3 Nd6 40. Bc5 Rd7 41. Bxd6 Rxd6 42. f4 g5 43. b6 Rd8 44. g3 gxf4 45. gxf4 Kg7 46. b7 Rb8 47. Kf2 Kf6 48. Ke3 Ke7 49. Kd4 Kd6 50. Rb6+ Kc7 51. Rxe6 Kxb7 52. Kxd5 Kc7 53. Re4 Rb3 54. Rxa4 Rxh3 55. Ke6 h5 56. f5 h4 57. f6 Re3+ 58. Kf5 h3 59. f7 Rf3+ 60. Ke6 Re3+ 61. Kf6 Rf3+ 62. Ke7 Re3+ 63. Kf8 h2 64. Rh4 Re2 65. Rh7 Kb6 66. Kg8 Rg2+ 67. Kh8 Rf2 68. Kg7 Rg2+ 69. Kf6 Rf2+ 70. Ke6 Re2+ 71. Kd5 Rd2+ 72. Ke4 Rf2 73. Rxh2 Rxf7 1/2-1/2

[Event "Chicago op 18th"]
[Site "Chicago"]
[Date "2009.05.22"]
[Round "1"]
[White "Lein, Anatoly"]
[Black "Shulman, Yuri"]
[Result "0-1"]
[WhiteElo "2359"]
[BlackElo "2632"]
[PlyCount "123"]
[EventDate "2009.05.22"]
[EventType "swiss"]
[EventRounds "7"]
[EventCountry "USA"]
[SourceTitle "CBM 130 Extra"]
[Source "ChessBase"]
[SourceDate "2009.07.02"]
[SourceVersion "2"]
[SourceVersionDate "2009.07.15"]
[SourceQuality "1"]

1. Nf3 d5 2. d4 Nf6 3. c4 e6 4. e3 Be7 5. Nc3 0-0 6. Be2 dxc4 7. 0-0 a6 8. a4 c5 9. Bxc4 Nc6 10. Ne5 Nb4 11. dxc5 Qc7 12. Nd3 Rd8 13. Qe2 Nxd3 14. Bxd3 Qxc5 15. e4 Ng4 16. Bc2 Ne5 17. Be3 Qb4 18. Ra3 Qc4 19. Ra2 Bd7 20. f4 Qxe2 21. Nxe2 Nc4 22. Bf2 Bc6 23. Nd4 Rac8 24. Rd1 e5 25. Nxc6 Rxc6 26. Rxd8+ Bxd8 27. b3 Na3 28. Bd1 exf4 29. Kf1 Rc1 30. Rd2 Bc7 31. Rd7 Kf8 32. Ke2 Nb1 33. Be1 Ke8 34. Rd5 f6 35. Bd2 Rc6 36. Kd3 Bd6 37. Bc2 Na3 38. Bd1 b5 39. axb5 Nxb5 40. Be2 g6 41. Bd1 Ke7 42. b4 Rb6 43. Ba4 h5 44. h3 g5 45. Bd1 Nc7 46. Rd4 Be5 47. Rc4 Rd6+ 48. Ke2 Nb5 49. Ke1 Na3 50. Rc7+ Kd8 51. Rc5 Nb1 52. Rd5 Rxd5 53. exd5 Bc3 54. Bxc3 Nxc3 55. Bf3 Kc7 56. Kd2 Na2 57. Kd3 Nxb4+ 58. Kc4 a5 59. Bxh5 Kd6 60. Kb5 Nxd5 61. Kxa5 Kc5 62. Bf3 0-1

[Event "Western States op"]
[Site "Reno"]
[Date "2006.10.08"]
[Round "5"]
[White "Lein, Anatoly"]
[Black "Yermolinsky, Alex"]
[Result "1/2-1/2"]
[WhiteElo "2352"]
[BlackElo "2594"]
[PlyCount "28"]
[EventDate "2006.10.07"]
[EventType "swiss"]
[EventRounds "6"]
[EventCountry "USA"]
[SourceTitle "EXT 2009"]
[Source "ChessBase"]
[SourceDate "2008.11.26"]
[SourceVersion "1"]
[SourceVersionDate "2008.11.26"]
[SourceQuality "1"]

1. d4 d5 2. c4 e6 3. Nf3 c6 4. e3 Bd6 5. Bd3 f5 6. b3 Nf6 7. 0-0 Qe7 8. Bb2 0-0 9. Ne5 b6 10. Qe2 Bb7 11. Nd2 Ne4 12. Rad1 Nd7 13. Nxd7 Qxd7 14. Nf3 Rad8 1/2-1/2

[Event "Western States op"]
[Site "Reno"]
[Date "2006.10.07"]
[Round "4"]
[White "Batchimeg, Tuvshintugs"]
[Black "Lein, Anatoly"]
[Result "0-1"]
[WhiteElo "2278"]
[BlackElo "2352"]
[PlyCount "83"]
[EventDate "2006.10.07"]
[EventType "swiss"]
[EventRounds "6"]
[EventCountry "USA"]
[SourceTitle "EXT 2009"]
[Source "ChessBase"]
[SourceDate "2008.11.26"]
[SourceVersion "1"]
[SourceVersionDate "2008.11.26"]
[SourceQuality "1"]

1. e4 d6 2. d4 Nf6 3. Nc3 e5 4. dxe5 dxe5 5. Qxd8+ Kxd8 6. Bg5 Bd6 7. 0-0-0 h6 8. f4 Nc6 9. fxe5 Nxe5 10. Bxf6+ gxf6 11. Nb5 Ke7 12. Nf3 Nxf3 13. gxf3 Bf4+ 14. Kb1 Rg8 15. Nd4 Bd7 16. Bc4 Rad8 17. Ne2 Bd6 18. Nc3 Be6 19. Nd5+ Bxd5 20. exd5 f5 21. Rd2 Kf6 22. c3 Rde8 23. Kc2 Rg5 24. Rf1 Bf4 25. Rdf2 Reg8 26. Re1 Rg1 27. Ree2 Rh1 28. Kb3 Rgg1 29. d6 cxd6 30. Bd5 Rg8 31. Kb4 Rd1 32. c4 Rc8 33. a4 Rd3 34. a5 Be3 35. Rg2 b6 36. a6 Rc5 37. Rxe3 Rxe3 38. Rg8 Ra5 39. Rf8 Rxa6 40. Rxf7+ Kg5 41. Kb5 Ra5+ 42. Kc6 0-1

[Event "Western States op"]
[Site "Reno"]
[Date "2006.10.06"]
[Round "2"]
[White "Lein, Anatoly"]
[Black "Ftacnik, Lubomir"]
[Result "0-1"]
[WhiteElo "2352"]
[BlackElo "2600"]
[PlyCount "118"]
[EventDate "2006.10.07"]
[EventType "swiss"]
[EventRounds "6"]
[EventCountry "USA"]
[SourceTitle "EXT 2009"]
[Source "ChessBase"]
[SourceDate "2008.11.26"]
[SourceVersion "1"]
[SourceVersionDate "2008.11.26"]
[SourceQuality "1"]

1. e4 c5 2. Nf3 d6 3. Bb5+ Nd7 4. c4 Ngf6 5. Nc3 g6 6. d4 cxd4 7. Nxd4 Bg7 8. 0-0 0-0 9. Ba4 Nb6 10. Bb3 Nfd7 11. Nd5 Nc5 12. f3 Bd7 13. Be3 a5 14. Rb1 a4 15. Nxb6 Qxb6 16. Bc2 Qb4 17. Bd3 Rfc8 18. Be2 Ne6 19. Nc2 Qa5 20. Na3 h5 21. Rf2 Nc5 22. Bf1 Be6 23. Qd2 Nd7 24. Rc1 Ne5 25. h3 Qxd2 26. Bxd2 Nc6 27. Be3 Nb4 28. Ra1 h4 29. Rd2 Bf6 30. Kf2 g5 31. Bd4 Bxd4+ 32. Rxd4 Ra5 33. Be2 Kg7 34. Rd2 Kf6 35. Nc2 Nxc2 36. Rxc2 b5 37. Rac1 bxc4 38. Bxc4 Rac5 39. b3 Bxc4 40. bxc4 Rb8 41. Ke3 Ke5 42. Rd1 e6 43. g3 hxg3 44. Rg1 f5 45. exf5 exf5 46. f4+ gxf4+ 47. Kf3 d5 48. Re1+ Kf6 49. Kxf4 Rxc4+ 50. Rxc4 dxc4 51. Kxg3 c3 52. Rc1 Rc8 53. Kf4 Rc4+ 54. Ke3 Kg5 55. Kd3 Rc5 56. Kc2 Kh4 57. Rh1 f4 58. Rf1 Kg3 59. h4 f3 0-1

[Event "World op 34th"]
[Site "Philadelphia"]
[Date "2006.07.03"]
[Round "7"]
[White "Lein, Anatoly"]
[Black "Sevillano, Enrico"]
[Result "0-1"]
[WhiteElo "2325"]
[BlackElo "2472"]
[PlyCount "64"]
[EventDate "2006.06.28"]
[EventType "swiss"]
[EventRounds "9"]
[EventCountry "USA"]
[SourceTitle "CBM 112 Extra"]
[Source "ChessBase"]
[SourceDate "2006.07.14"]
[SourceVersion "1"]
[SourceVersionDate "2006.07.14"]
[SourceQuality "1"]

1. Nf3 Nf6 2. c4 e6 3. g3 b6 4. Bg2 Bb7 5. 0-0 Be7 6. Nc3 0-0 7. d4 d5 8. Ne5 c6 9. Bf4 Nfd7 10. Qb3 Nxe5 11. Bxe5 Nd7 12. Bf4 c5 13. cxd5 cxd4 14. d6 Bxg2 15. dxe7 Qxe7 16. Kxg2 dxc3 17. Qxc3 Rac8 18. Qd2 Nf6 19. Rac1 e5 20. Be3 Rcd8 21. Qc2 Nd5 22. Qb3 Rd6 23. Rc2 h5 24. Rfc1 h4 25. Bd2 Qd7 26. f3 h3+ 27. Kf2 e4 28. Bb4 e3+ 29. Ke1 Nxb4 30. Rc7 Qb5 31. Rxf7 Rxf7 32. Rc8+ Kh7 0-1

[Event "Las Vegas National op"]
[Site "Las Vegas"]
[Date "2006.06.18"]
[Round "6"]
[White "Bick, John D"]
[Black "Lein, Anatoly"]
[Result "0-1"]
[WhiteElo "2238"]
[BlackElo "2325"]
[PlyCount "99"]
[EventDate "2006.06.16"]
[EventType "swiss"]
[EventRounds "6"]
[EventCountry "USA"]
[SourceTitle "CBM 112 Extra"]
[Source "ChessBase"]
[SourceDate "2006.07.14"]
[SourceVersion "1"]
[SourceVersionDate "2006.07.14"]
[SourceQuality "1"]

1. d4 Nf6 2. c4 d6 3. Nc3 e5 4. d5 Be7 5. e4 Nbd7 6. f3 Nh5 7. Be3 g6 8. b4 0-0 9. Nh3 Kh8 10. Bd3 Ndf6 11. g4 Ng8 12. Qd2 Ng7 13. Qg2 Bh4+ 14. Ke2 f6 15. Rhg1 Ne7 16. f4 exf4 17. Nxf4 g5 18. Nh3 Ng6 19. Nf2 Ne5 20. h3 Bd7 21. Bd4 Qe7 22. c5 Rae8 23. Kd2 h5 24. cxd6 cxd6 25. Be2 hxg4 26. hxg4 Rc8 27. a3 a6 28. Rac1 Kg8 29. Nfd1 Be8 30. Ne3 Ng6 31. Rh1 Bd7 32. Rcf1 Ne5 33. Rc1 Rc7 34. Bb6 Rcc8 35. Rh3 Rfe8 36. Qf1 Ng6 37. Ng2 Qe5 38. Qf3 Rf8 39. Qe3 Qe7 40. Rf1 Ne8 41. Bd4 b5 42. Na2 Ra8 43. Bc3 Rf7 44. Nc1 Qd8 45. Nb3 Qc8 46. Nd4 Bxg4 47. Bxg4 Qxg4 48. Nf5 Qxg2+ 49. Qe2 Qxe2+ 50. Kxe2 0-1

[Event "Foxwoods op 08th"]
[Site "Ledyard"]
[Date "2006.04.13"]
[Round "2"]
[White "Lein, Anatoly"]
[Black "Shulman, Yuri"]
[Result "0-1"]
[WhiteElo "2336"]
[BlackElo "2581"]
[PlyCount "62"]
[EventDate "2006.04.12"]
[EventType "swiss"]
[EventRounds "9"]
[EventCountry "USA"]
[SourceTitle "CBM 111 Extra"]
[Source "ChessBase"]
[SourceDate "2006.05.09"]
[SourceVersion "1"]
[SourceVersionDate "2006.05.09"]
[SourceQuality "1"]

1. d4 e6 2. c4 b5 3. Nc3 Bb7 4. Nf3 Bb4 5. Bg5 Ne7 6. Rc1 h6 7. Bd2 Bxf3 8. gxf3 Nf5 9. e3 0-0 10. f4 Nc6 11. Qg4 Nce7 12. d5 c6 13. dxc6 dxc6 14. a3 Bxc3 15. Bxc3 Ng6 16. Rd1 Qe7 17. Bd3 Rad8 18. Ke2 Nfh4 19. Bxg6 fxg6 20. Rxd8 Rxd8 21. Rd1 Rxd1 22. Kxd1 Kf7 23. Ke2 Nf5 24. Bb4 Qd7 25. Qg2 c5 26. Bc3 Nd6 27. Qa8 Nxc4 28. Qh8 e5 29. fxe5 Qg4+ 30. Kd3 Nxe5+ 31. Kd2 Qf5 0-1

[Event "Philadelphia National op 36th"]
[Site "Philadelphia"]
[Date "2005.11.25"]
[Round "2"]
[White "Lein, Anatoly"]
[Black "Agaian, Sarkis"]
[Result "0-1"]
[WhiteElo "2354"]
[BlackElo "2180"]
[PlyCount "58"]
[EventDate "2005.11.24"]
[EventType "swiss"]
[EventRounds "6"]
[EventCountry "USA"]
[SourceTitle "CBM 109 Extra"]
[Source "ChessBase"]
[SourceDate "2006.01.03"]
[SourceVersion "2"]
[SourceVersionDate "2006.01.03"]
[SourceQuality "1"]

1. e4 c5 2. Nf3 d6 3. Bb5+ Bd7 4. Bxd7+ Qxd7 5. c4 Nc6 6. d4 cxd4 7. Nxd4 Nf6 8. f3 e6 9. Nc3 Be7 10. Be3 Ne5 11. Qe2 d5 12. cxd5 exd5 13. f4 Nc4 14. e5 Ng4 15. Bg1 0-0 16. 0-0-0 Rac8 17. e6 Qd6 18. Nc2 fxe6 19. Qxg4 Rxf4 20. Qg3 Bf6 21. Bd4 e5 22. Be3 Nxb2 23. Rxd5 Qc6 24. Bd2 Na4 25. Qd3 Nxc3 26. Bxc3 Rc4 27. Bb2 Rxc2+ 28. Kb1 Rxb2+ 29. Kxb2 e4+ 0-1

[Event "Chicago op 14th"]
[Site "Chicago"]
[Date "2005.05.29"]
[Round "4"]
[White "Lein, Anatoly"]
[Black "Mikhalevski, Victor"]
[Result "0-1"]
[WhiteElo "2373"]
[BlackElo "2572"]
[PlyCount "46"]
[EventDate "2005.05.27"]
[EventType "swiss"]
[EventRounds "7"]
[EventCountry "USA"]
[SourceTitle "CBM 107"]
[Source "ChessBase"]
[SourceDate "2005.08.01"]
[SourceVersion "1"]
[SourceVersionDate "2005.08.01"]
[SourceQuality "1"]

1. Nf3 Nf6 2. b3 d6 3. d4 g6 4. Bb2 Bg7 5. e3 0-0 6. Be2 Nbd7 7. c4 e5 8. Nc3 exd4 9. Nxd4 Nc5 10. 0-0 c6 11. Qc2 h5 12. Rad1 Qe7 13. Rfe1 Bd7 14. b4 Na6 15. b5 Nc5 16. bxc6 bxc6 17. Ba3 Rac8 18. Bf1 Rfe8 19. Qc1 Rb8 20. Nb3 Ng4 21. h3 Bxc3 22. Nxc5 Bxe1 23. hxg4 Rb1 0-1

[Event "Minneapolis HB Global op"]
[Site "Minneapolis"]
[Date "2005.05.19"]
[Round "3"]
[White "Jussupow, Artur"]
[Black "Lein, Anatoly"]
[Result "1/2-1/2"]
[WhiteElo "2601"]
[BlackElo "2373"]
[PlyCount "56"]
[EventDate "2005.05.18"]
[EventType "swiss"]
[EventRounds "9"]
[EventCountry "USA"]
[SourceTitle "CBM 107"]
[Source "ChessBase"]
[SourceDate "2005.08.01"]
[SourceVersion "1"]
[SourceVersionDate "2005.08.01"]
[SourceQuality "1"]

1. d4 Nf6 2. Nf3 b6 3. Bg5 Bb7 4. Nbd2 g6 5. Bxf6 exf6 6. e4 Bg7 7. Bd3 0-0 8. 0-0 d6 9. Re1 Re8 10. c3 Nd7 11. a4 a6 12. Qb3 Rb8 13. Bc4 Re7 14. Qc2 c6 15. d5 c5 16. Qd3 Ra8 17. Qf1 Qc7 18. Rad1 Ne5 19. Nxe5 fxe5 20. b4 Bh6 21. Nb3 Bc8 22. Ra1 cxb4 23. cxb4 Qd8 24. Qe2 Rea7 25. Nc1 Bd7 26. Nd3 Qe8 27. Nb2 b5 28. Bd3 Qb8 1/2-1/2

[Event "Foxwoods op 07th"]
[Site "Mashantucket"]
[Date "2005.03.26"]
[Round "6"]
[White "Lein, Anatoly"]
[Black "Thavandiran, Shiyam"]
[Result "1/2-1/2"]
[WhiteElo "2387"]
[BlackElo "2174"]
[PlyCount "48"]
[EventDate "2005.03.23"]
[EventType "swiss"]
[EventRounds "9"]
[EventCountry "USA"]
[SourceTitle "CBM 105 Extra"]
[Source "ChessBase"]
[SourceDate "2005.05.01"]
[SourceVersion "1"]
[SourceVersionDate "2005.05.01"]
[SourceQuality "1"]

1. e4 e6 2. c4 d5 3. exd5 exd5 4. d4 Nf6 5. Nf3 Be7 6. Nc3 0-0 7. Be2 c6 8. 0-0 dxc4 9. Bxc4 Bg4 10. Be3 Nbd7 11. h3 Nb6 12. Bxf7+ Rxf7 13. hxg4 Nxg4 14. Qb3 Qc7 15. Qe6 Qc8 16. Qxc8+ Rxc8 17. Rae1 Nc4 18. Bc1 Bb4 19. Re2 Bxc3 20. bxc3 Nf6 21. Ne5 Re7 22. Rfe1 Rce8 23. Kf1 Nb6 24. g3 Nfd7 1/2-1/2

[Event "Chicago op 12th"]
[Site "Chicago"]
[Date "2003.05.25"]
[Round "4"]
[White "Peric, Slavisa"]
[Black "Lein, Anatoly"]
[Result "1/2-1/2"]
[WhiteElo "2258"]
[BlackElo "2416"]
[PlyCount "57"]
[EventDate "2003.05.23"]
[EventType "swiss"]
[EventRounds "7"]
[EventCountry "USA"]
[SourceTitle "CBM 094 Extra"]
[Source "ChessBase"]
[SourceDate "2003.07.09"]
[SourceVersion "2"]
[SourceVersionDate "2003.07.09"]
[SourceQuality "1"]

1. d4 Nf6 2. Nf3 e6 3. e3 b6 4. Bd3 Bb7 5. 0-0 Be7 6. c4 0-0 7. Nc3 d5 8. cxd5 exd5 9. Ne5 c5 10. b3 Nc6 11. Nxc6 Bxc6 12. Be2 Qd7 13. Bb2 Rad8 14. a4 Qb7 15. Bb5 cxd4 16. Qxd4 Bc5 17. Bxc6 Qxc6 18. Qf4 d4 19. Nd1 Qe4 20. Qg3 Qg6 21. exd4 Bxd4 22. Bxd4 Rxd4 23. Ne3 Qxg3 24. fxg3 Ne4 25. Nc2 Rd2 26. Na3 Rfd8 27. a5 bxa5 28. Nc4 R2d3 29. Rxa5 1/2-1/2

[Event "USA-ch"]
[Site "Seattle"]
[Date "2003.01.17"]
[Round "8"]
[White "Finegold, Benjamin"]
[Black "Lein, Anatoly"]
[Result "1/2-1/2"]
[WhiteElo "2551"]
[BlackElo "2402"]
[PlyCount "93"]
[EventDate "2003.01.09"]
[EventType "swiss"]
[EventRounds "9"]
[EventCountry "USA"]
[SourceTitle "CBM 093"]
[Source "ChessBase"]
[SourceDate "2003.04.01"]
[SourceVersion "1"]
[SourceVersionDate "2003.04.01"]
[SourceQuality "1"]

1. d4 Nf6 2. c4 g6 3. Nc3 d5 4. e3 Bg7 5. Qb3 e6 6. Qa3 Nc6 7. Nf3 a6 8. Bd2 Qe7 9. Qxe7+ Nxe7 10. Rc1 Ne4 11. Bd3 Nxd2 12. Kxd2 Bd7 13. Ke2 Bc6 14. b4 dxc4 15. Bxc4 0-0-0 16. Ng5 Be8 17. a4 Kb8 18. b5 axb5 19. axb5 Nc8 20. f4 Nb6 21. Bd3 Rd7 22. Rc2 Re7 23. Ra1 h6 24. Nge4 g5 25. g3 Rg8 26. Rca2 f5 27. Ra7 gxf4 28. gxf4 fxe4 29. Bxe4 c6 30. bxc6 Bxc6 31. Bxc6 Rc8 32. Rxb7+ Rxb7 33. Bxb7 Rxc3 34. Be4 Bf8 35. Rg1 Nd5 36. Bd3 Bd6 37. Rg6 Bxf4 38. Rxe6 Bxe3 39. Rxe3 Nxe3 40. Kxe3 Kc7 41. h4 Kd6 42. Ke4 Ra3 43. h5 Ra5 44. Be2 Rg5 45. Bf3 Kc6 46. Be2 Kb6 47. Bf3 1/2-1/2

[Event "USA-ch"]
[Site "Seattle"]
[Date "2003.01.16"]
[Round "7"]
[White "Lein, Anatoly"]
[Black "Lapshun, Yury"]
[Result "1/2-1/2"]
[WhiteElo "2402"]
[BlackElo "2419"]
[PlyCount "98"]
[EventDate "2003.01.09"]
[EventType "swiss"]
[EventRounds "9"]
[EventCountry "USA"]
[SourceTitle "CBM 093"]
[Source "ChessBase"]
[SourceDate "2003.04.01"]
[SourceVersion "1"]
[SourceVersionDate "2003.04.01"]
[SourceQuality "1"]

1. c4 e5 2. Nc3 Nf6 3. Nf3 Nc6 4. e4 Bc5 5. Be2 d6 6. d3 Bg4 7. 0-0 Qd7 8. Nd5 Bxf3 9. Bxf3 Nxd5 10. Bg4 Qe7 11. cxd5 Nd4 12. Be3 0-0 13. Kh1 Kh8 14. Rc1 a5 15. Bh3 c6 16. dxc6 bxc6 17. Qa4 Qb7 18. Bxd4 Bxd4 19. Qxc6 Qxb2 20. a4 Qa3 21. Qc4 Ra7 22. Rb1 Qc5 23. Qxc5 Bxc5 24. Kg1 g6 25. Rfc1 f5 26. exf5 gxf5 27. Kf1 Kg7 28. Rc2 e4 29. Rb5 Kg6 30. g3 h5 31. Bg2 exd3 32. Rd2 f4 33. Be4+ Kh6 34. Kg2 Raf7 35. f3 fxg3 36. h3 h4 37. Rxd3 Rf4 38. Rd2 Re8 39. Rb7 Rexe4 40. fxe4 Rxe4 41. Ra2 Kg6 42. Rb5 Bb4 43. Kf3 Re1 44. Re2 Ra1 45. Kg4 g2 46. Rg5+ Kf6 47. Rf5+ Kg6 48. Rg5+ Kf6 49. Rf5+ Kg6 1/2-1/2

[Event "USA-ch"]
[Site "Seattle"]
[Date "2003.01.10"]
[Round "2"]
[White "Lein, Anatoly"]
[Black "Seirawan, Yasser"]
[Result "1/2-1/2"]
[WhiteElo "2402"]
[BlackElo "2636"]
[PlyCount "54"]
[EventDate "2003.01.09"]
[EventType "swiss"]
[EventRounds "9"]
[EventCountry "USA"]
[SourceTitle "CBM 093"]
[Source "ChessBase"]
[SourceDate "2003.04.01"]
[SourceVersion "1"]
[SourceVersionDate "2003.04.01"]
[SourceQuality "1"]

1. e4 c5 2. c3 g6 3. d4 cxd4 4. cxd4 d5 5. exd5 Nf6 6. Nc3 Nxd5 7. Bc4 Nb6 8. Bb3 Bg7 9. Nf3 0-0 10. 0-0 Nc6 11. d5 Na5 12. Re1 Bg4 13. h3 Bxf3 14. Qxf3 Re8 15. Bg5 Nxb3 16. axb3 Bxc3 17. bxc3 Qxd5 18. Qxd5 Nxd5 19. c4 f6 20. cxd5 fxg5 21. Rac1 b5 22. b4 Kf7 23. Rc7 Rad8 24. Re5 Kf6 25. Re6+ Kf7 26. Re5 Kf6 27. Re6+ Kf7 1/2-1/2

[Event "Chicago op 11th"]
[Site "Chicago"]
[Date "2002.05.27"]
[Round "6"]
[White "Glek, Igor Vladimirovich"]
[Black "Lein, Anatoly"]
[Result "1-0"]
[WhiteElo "2605"]
[BlackElo "2394"]
[PlyCount "69"]
[EventDate "2002.05.24"]
[EventType "swiss"]
[EventRounds "7"]
[EventCountry "USA"]
[SourceTitle "CBM 088 Extra"]
[Source "ChessBase"]
[SourceDate "2002.07.01"]
[SourceVersion "2"]
[SourceVersionDate "2002.07.01"]
[SourceQuality "1"]

1. e4 e6 2. d4 d5 3. Nc3 dxe4 4. Nxe4 Nd7 5. Nf3 Ngf6 6. Nxf6+ Nxf6 7. c3 Be7 8. Bd3 c5 9. dxc5 Bxc5 10. Qe2 Bd7 11. Ne5 Bc6 12. 0-0 0-0 13. Rd1 Qc7 14. Bf4 Rfd8 15. Bg3 Bd6 16. Bc2 Bxe5 17. Bxe5 Qe7 18. c4 b6 19. h3 Rac8 20. a3 Nd7 21. Bd6 Qg5 22. f4 Qf6 23. Rd2 Re8 24. Re1 Nf8 25. b4 Qh6 26. Rd4 Ng6 27. b5 Ba8 28. f5 Nf8 29. Bf4 Qf6 30. Be5 Qe7 31. f6 Qc5 32. Qf2 Rcd8 33. fxg7 Ng6 34. Bxg6 fxg6 35. Rf1 1-0